Современные технологии в российской и зарубежных системах образования (Запись № 11726567)

Подробности
000 -МАРКЕР
контрольное поле 02909nam0a2200409 4500
001 - ИДЕНТИФИКАТОР ЗАПИСИ
контрольное поле RU\NLR\BIBL_A\011770791
005 - ИДЕНТИФИКАТОР ВЕРСИИ
контрольное поле 20180914152742.0
010 ## - МЕЖДУНАРОДНЫЙ СТАНДАРТНЫЙ НОМЕР КНИГИ (ISBN)
Номер (ISBN) 978-5-94338-900-9
Тираж 105
021 ## - НОМЕР ГОСУДАРСТВЕННОЙ РЕГИСТРАЦИИ
Код страны Российская Федерация
Номер КН-П-18-049420
Номер Листа государственной регистраци КН-П-18-3566
035 ## - ДРУГИЕ СИСТЕМНЫЕ НОМЕРА
Идентификатор записи (NLR Aleph) 011770791
035 ## - ДРУГИЕ СИСТЕМНЫЕ НОМЕРА
Идентификатор записи (RuMoRGB)009682260
100 ## - ДАННЫЕ ОБЩЕЙ ОБРАБОТКИ
Данные общей обработки 20180817d2018 k y0rusy50 ca
101 0# - ЯЗЫК РЕСУРСА
Язык текста, звукозаписи и т.д. русский
Язык резюме английский
102 ## - СТРАНА ПУБЛИКАЦИИ ИЛИ ПРОИЗВОДСТВА
Страна публикации Российская Федерация
105 ## - ПОЛЕ КОДИРОВАННЫХ ДАННЫХ: ТЕКСТОВЫЕ МАТЕРИАЛЫ, МОНОГРАФИЧЕСКИЕ
Кодированные данные о монографическом текстовом документе |||z|||100zy
200 1# - ЗАГЛАВИЕ И СВЕДЕНИЯ ОБ ОТВЕТСТВЕННОСТИ
Основное заглавие Современные технологии в российской и зарубежных системах образования
Сведения, относящиеся к заглавию VII Международная научно-практическая конференция, 19-20 апреля 2018 г.
-- сборник статей
Первые сведения об ответственности Министерство образования и науки РФ, Финансовый университет при Правительстве Российской Федерации (Пензенский филиал), Нижегородский государственный университет им. Н.И. Лобачевского, Межотраслевой научно-информационный центр
Последующие сведения об ответственности [под редакцией д.э.н., проф. Ф.Е. Удалова и др.]
210 ## - ПУБЛИКАЦИЯ, РАСПРОСТРАНЕНИЕ И ДР.
Место издания, распространения и т.д. Пенза
Имя издателя, распространителя и т. д. РИО ПГАУ
Дата издания, распространения и т.д. 2018
215 ## - ФИЗИЧЕСКАЯ ХАРАКТЕРИСТИКА
Специфическое обозначение материала и объем 95 с.
Другие сведения о физической характеристике ил., табл.
Размеры 21
300 ## - ОБЩИЕ ПРИМЕЧАНИЯ
Текст примечания Рез. англ.
320 ## - ПРИМЕЧАНИЯ О НАЛИЧИИ В ДОКУМЕНТЕ БИБЛИОГРАФИИ / УКАЗАТЕЛЯ
Текст примечания Библиогр. в конце ст.
606 1# - НАИМЕНОВАНИЕ ТЕМЫ КАК ПРЕДМЕТ
Наименование темы Образование
Географический подзаголовок Российская Федерация
Формальный подзаголовок Съезды, совещания и т.п.
Код системы nlr_sh2
Идентификатор авторитетной/нормативной записи RU\NLR\AUTH\661375304
606 1# - НАИМЕНОВАНИЕ ТЕМЫ КАК ПРЕДМЕТ
Наименование темы Образование
Географический подзаголовок Зарубежные страны
Формальный подзаголовок Съезды, совещания и т.п.
Код системы nlr_sh2
Идентификатор авторитетной/нормативной записи RU\NLR\AUTH\661375305
606 1# - НАИМЕНОВАНИЕ ТЕМЫ КАК ПРЕДМЕТ
Наименование темы Педагогические технологии
Формальный подзаголовок Съезды, совещания и т.п.
Код системы nlr_sh2
Идентификатор авторитетной/нормативной записи RU\NLR\AUTH\661251519
610 0# - НЕКОНТРОЛИРУЕМЫЕ ПРЕДМЕТНЫЕ ТЕРМИНЫ
Предметный термин образование в России
610 0# - НЕКОНТРОЛИРУЕМЫЕ ПРЕДМЕТНЫЕ ТЕРМИНЫ
Предметный термин образование в зарубежных странах
686 1# - ИНДЕКСЫ ДРУГИХ КЛАССИФИКАЦИЙ
Индекс Ч34(2Р)я431
686 1# - ИНДЕКСЫ ДРУГИХ КЛАССИФИКАЦИЙ
Индекс Ч34(4/8)я431
702 #1 - ИМЯ ЛИЦА - ВТОРИЧНАЯ ОТВЕТСТВЕННОСТЬ
Начальный элемент ввода Удалов
Часть имени, кроме начального элемента ввода Ф. Е.
Дополнения к именам, кроме дат д-р экон. наук
Даты 1936-
Расширение инициалов личного имени Федор Егорович
Идентификатор авторитетной/нормативной записи RU\NLR\AUTH\770149511
Код отношения Редактор
711 12 - НАИМЕНОВАНИЕ ОРГАНИЗАЦИИ - АЛЬТЕРНАТИВНАЯ ОТВЕТСТВЕННОСТЬ
Начальный элемент ввода "Современные технологии в российской и зарубежных системах образования", международная научно-практическая конференция
Порядковый номер временной организации и / или порядковый номер ее части 7
Дата проведения временной организации 2018
Место проведения временной организации Пенза
Идентификатор авторитетной/нормативной записи RU\NLR\AUTH\880480876
712 02 - НАИМЕНОВАНИЕ ОРГАНИЗАЦИИ - ВТОРИЧНАЯ ОТВЕТСТВЕННОСТЬ
Начальный элемент ввода Финансовый университет при Правительстве Российской Федерации
Идентифицирующий признак Москва
Структурное подразделение Пензенский филиал
Идентификатор авторитетной/нормативной записи RU\NLR\AUTH\8810232140
Код отношения Прочие
942 ## - ДОПОЛНИТЕЛЬНЫЕ ЭЛЕМЕНТЫ ЗАПИСИ (АБИС)
Тип экземпляра АБИС Книга
980 ## - КОЛЛЕКЦИЯ
Название коллекции НБР
980 ## - КОЛЛЕКЦИЯ
Название коллекции Национальная библиография

Нет доступных экземпляров.